| 000 | 00565 a2200169 4500 | ||
|---|---|---|---|
| 005 | 20250605162706.0 | ||
| 020 | _a978-0-273-71662-4 | ||
| 082 | _aLECT 658.403 BOC | ||
| 100 | _aBOCIJ, P. | ||
| 245 | _aBusiness Information Systems: Technology, Development & Management | ||
| 250 | _a4th Ed. | ||
| 260 |
_aLondon, _bPrentice Hall, _c2008. |
||
| 300 |
_axxi, 710p.: ill.; figure, picture, table. _bGlossary, index. _c27cm. |
||
| 700 | _aGREASLEY, A. & HICKIE, S. | ||
| 856 |
_yAccess online book _fBusiness Information Systems _dwww.pearsoned.co.uk |
||
| 942 |
_2ddc _cBKS |
||
| 999 |
_c3254 _d3254 |
||